02118nas a2200241Ia 4500001001000000003001000010008004100020040002500061041001300086100001700099210001600116222001600132245004600148250001100194260005100205300001000256310001600266362003800282500071400320501011401034520071401148650001401862R050-R783IT-CnALBA170116c99999999xx |||||||||||| ||und|| aIT-CnALBAcIT-CnALBA aITALIANO aPRINA ANGELO aL'ASPIRANTE aL'ASPIRANTE 0aL'ASPIRANTE. SETTIMANALE ANNO XIX. 1941.  a1a ed. aROMA.bAZIONE CATT. ITAL. UNIONE. MILANOc1941 a4 p.  aSETTIMANALE aFascicolo: 2-38 / Anno: 19 (1941) aLA PAROLA DEL PAPA. LEGGENDA LIU'' LU. RADIO ROMA. IL RIBELLE, RACCONTO. SCOPERTA DEL TESORO. GENITORI E SACERDOTI. FINESTRA SUL MONDO. CONSACRAZIONE DEI SOLDATI E DELLA PATRIA AL SACRO CUORE. STAZIONE RADIO. ASPIRANTI POETI. GIORNALAIO, RACCONTO. MOSTRE A. LETTERE DAL FRONTE. ALBO DI GLORIA. NOI MAGGIORI. PIO XII E IL SUO PREDECESSORE. FESTA DEI RAGAZZI. GIRO DEL MONDO. GIOVENTÙ NELLA GLORIA, I CADUTI. FESTA DI S. TOMMASO. RUGGERO QUADRELLI. ASPIRANTI POETI. RADIO MESSAGGIO DI PIO XII AL MONDO. S. GIROLAMO DOTTORE DELLA CHIESA. RADIO AMBROGIO. RADIOMESSAGGIO DI PENTECOSTE. NUOVI TESTI DI CULTURA RELIGIOSA. ROSARIO. NOTIZIARIO. PIPPO E IL NEOVITTORIOSO FUMETTO. AVVENIRE D'ITALIA GIORNALE DI PAPA'.  aSocietà San Paolo EM - Piazza San Paolo, 14 - 12051 ALBA (CN) (non commercial uses only) ® Copyright 2017 aLA PAROLA DEL PAPA. LEGGENDA LIU'' LU. RADIO ROMA. IL RIBELLE, RACCONTO. SCOPERTA DEL TESORO. GENITORI E SACERDOTI. FINESTRA SUL MONDO. CONSACRAZIONE DEI SOLDATI E DELLA PATRIA AL SACRO CUORE. STAZIONE RADIO. ASPIRANTI POETI. GIORNALAIO, RACCONTO. MOSTRE A. LETTERE DAL FRONTE. ALBO DI GLORIA. NOI MAGGIORI. PIO XII E IL SUO PREDECESSORE. FESTA DEI RAGAZZI. GIRO DEL MONDO. GIOVENTÙ NELLA GLORIA, I CADUTI. FESTA DI S. TOMMASO. RUGGERO QUADRELLI. ASPIRANTI POETI. RADIO MESSAGGIO DI PIO XII AL MONDO. S. GIROLAMO DOTTORE DELLA CHIESA. RADIO AMBROGIO. RADIOMESSAGGIO DI PENTECOSTE. NUOVI TESTI DI CULTURA RELIGIOSA. ROSARIO. NOTIZIARIO. PIPPO E IL NEOVITTORIOSO FUMETTO. AVVENIRE D'ITALIA GIORNALE DI PAPA'.  aPERIODICI